Practice of social research (Record no. 31957)

MARC details
000 -LEADER
fixed length control field 00286nam a2200121Ia 4500
082 ## - DEWEY DECIMAL CLASSIFICATION NUMBER
Classification number 003
Item number BAB
100 ## - MAIN ENTRY--AUTHOR NAME
Personal name Babbie, E R
245 #0 - TITLE STATEMENT
Title Practice of social research
250 ## - EDITION STATEMENT
Edition statement Ed.2
260 ## - PUBLICATION, DISTRIBUTION, ETC. (IMPRINT)
Place of publication Belmont
Name of publisher Wadsworth
Year of publication 1976
942 ## - ADDED ENTRY ELEMENTS (KOHA)
Koha item type Books
Holdings
Withdrawn status Lost status Damaged status Not for loan Home library Current library Date acquired Cost, normal purchase price Full call number Accession Number Koha item type
        RRII Library RRII Library 16/12/2021 18.15 003 BAB 12484 Books